Statistics for Countries With Blue and White Flags

Click here to take the quiz!

General Stats

  • This quiz has been taken 74,395 times
    (73,023 since last reset)
  • The average score is 9 of 12

Answer Stats

Answer% Correct
Israel
99%
Greece
98%
Finland
97%
Argentina
96%
Uruguay
88%
San Marino
73%
Honduras
72%
Somalia
63%
Nicaragua
62%
El Salvador
61%
Guatemala
61%
F.S. of Micronesia
52%

Score Distribution

Percentile by Number Answered

Percent of People with Each Score

Your Score History

You have not taken this quiz since the last reset